000 00631nam a22001937a 4500
999 _c17850
_d17850
003 AR-CdUCM
008 190509b ||||| |||| 00| 0 spa d
040 _aMUNICIPALIDAD PROVINCIAL DEL CUSCO
_cBIBLIOTECA MUNICIPAL DEL CUSCO
082 _a956 /
_bD36
100 _aDe Cadiz, Luis M.
_938040
245 _aLa civilización Arabe /
260 _aBuenos Aires,
_bAtlantida,
_c1949.
300 _a227 páginas ;
_c17 cm.
505 _aAraia -- Mahoma - El imperio Musulman -- Cruzadas antiislamicas -- Instituciones políticas,,,
650 _aCruzadas.
_916333
650 _aArabia.
_93821
942 _2ddc
_cLIBROS
945 _awfj